LEARNING TO SEE: VALUE-STREAM MAPPING TO CREATE VALUE AND ELIMINATE MUDA (Registro nro. 234831)
[ vista simple ]
| 000 -LEADER | |
|---|---|
| campo de control de longitud fija | 00606nam a2200229Ia 4500 |
| 003 - IDENTIFICADOR DE NÚMERO DE CONTROL | |
| campo de control | EC-GqESP |
| 005 - FECHA Y HORA DE LA ÚLTIMA TRANSACCIÓN | |
| campo de control | 20251118144702.0 |
| 008 - DATOS DE LONGITUD FIJA--INFORMACIÓN GENERAL | |
| campo de control de longitud fija | 250425s9999 xx 000 0 und d |
| 010 ## - NÚMERO DE CONTROL DE LA BIBLIOTECA DEL CONGRESO | |
| Número de control de LC | 100721 |
| 020 ## - NÚMERO INTERNACIONAL ESTÁNDAR DEL LIBRO | |
| Número Internacional Estándar del Libro | 9780966784305 |
| 041 ## - CÓDIGO DE IDIOMA | |
| Código de lengua del texto/banda sonora o título independiente | eng |
| 082 ## - NÚMERO DE LA CLASIFICACIÓN DECIMAL DEWEY | |
| Número de clasificación | 658.5 |
| Iniciales del Autor | ROT |
| 100 ## - ENTRADA PRINCIPAL--NOMBRE DE PERSONA | |
| Nombre de persona | ROTHER, MIKE |
| 245 #0 - MENCIÓN DEL TÍTULO | |
| Título | LEARNING TO SEE: VALUE-STREAM MAPPING TO CREATE VALUE AND ELIMINATE MUDA |
| 250 ## - MENCION DE EDICION | |
| Mención de edición | 1ST ED. |
| 260 ## - PUBLICACIÓN, DISTRIBUCIÓN, ETC. | |
| Lugar de publicación, distribución, etc. | Estados Unidos |
| Nombre del editor, distribuidor, etc. | LEAN ENTERPRISE INSTITUTE |
| Fecha de publicación, distribución, etc. | 2009 |
| 260 ## - PUBLICACIÓN, DISTRIBUCIÓN, ETC. | |
| Lugar de publicación, distribución, etc. | MIAMI |
| 300 ## - DESCRIPCIÓN FÍSICA | |
| Extensión | 102 p. |
| 650 ## - PUNTO DE ACCESO ADICIONAL DE MATERIA--TÉRMINO DE MATERIA | |
| Término de materia o nombre geográfico como elemento de entrada | CADENA DE VALOR |
| 650 ## - PUNTO DE ACCESO ADICIONAL DE MATERIA--TÉRMINO DE MATERIA | |
| Término de materia o nombre geográfico como elemento de entrada | PLANIFICACION LA PRODUCCION |
| 942 ## - ELEMENTOS DE ENTRADA SECUNDARIOS (KOHA) | |
| Tipo de ítem Koha | Libros |
| Estatus retirado | Estado de pérdida | Estado de daño | No para préstamo | Biblioteca de origen | Biblioteca actual | Fecha de adquisición | Coste, precio normal de compra | Total de préstamos | Código de barras | Copia número | Tipo de ítem Koha | Nota pública | Fuente de la clasificación o esquema de estantería | Signatura topográfica completa | Visto por última vez | Fecha del último préstamo |
|---|---|---|---|---|---|---|---|---|---|---|---|---|---|---|---|---|
| CENTRO DE INFORMACIÓN BIBLIOTECARIA | CENTRO DE INFORMACIÓN BIBLIOTECARIA | 11/11/2016 | 207.00 | 57777 | 1 | Libros | FIMCP | |||||||||
| CENTRO DE INFORMACIÓN BIBLIOTECARIA | CENTRO DE INFORMACIÓN BIBLIOTECARIA | 11/11/2016 | 207.00 | 57778 | 2 | Libros | FIMCP | |||||||||
| CENTRO DE INFORMACIÓN BIBLIOTECARIA | CENTRO DE INFORMACIÓN BIBLIOTECARIA | 11/11/2016 | 207.00 | 57779 | 3 | Libros | FIMCP | |||||||||
| FACULTAD DE INGENIERIA MECANICA Y CIENCIAS DE LA PRODUCCION | CENTRO DE INFORMACIÓN BIBLIOTECARIA | 11/11/2016 | 207.00 | 1 | 57780 | 4 | Libros | ESPOL. CIB | Clasificación Decimal Dewey | 658.5 ROT | 20/11/2025 | 20/11/2025 |